000 00528nam a2200193Ia 4500
999 _c29964
_d29964
003 OSt
005 20201216095628.0
008 190216s9999||||xx |||||||||||||| ||und||
020 _a9788188012114
040 _coclc
082 _a894.8121
_bRAV/C
100 _aRavunny
_97539
245 0 _aChillaksharangal /
_cRavunny
250 _a1st Ed.
260 _bLipi Publications,
_c2007.
_aKozhikode:
300 _a119p
650 _aKathakal Malayalm
942 _cBK
_2ddc
_h894.8121
_iRAV/C
_k894.8121
_mRAV/C